00769nam a22001937a 4500999001900000005001700019010001500036020002600051035001500077037001300092082001100105100001900116245008500135260005200220270007600272300007900348942002500427952012300452 c194516d19451620221227143555.0 aENG-135950 a978934791000c1350.00 aEN-1194582 bDBAD/PUB a300.01 aSharma, Rajvir aPolitical philosophy of Kautilya:bThe arthashastra and after/cby Rajvir sharma aNew DelhibSage publication india pvt ltdc2022 aB1/1-1 Mohan cooprative industrial area mathura roadbNew Delhie110044 axiii, 284p. bConclusion, Bibliography, About the author, Indexc22cm(hbk) 2ddccENmSHAh300.01 001040708NFICaPRbPRd2022-12-27eDBAD/PUBg1350.00l0o300.01 SHApEN-119482r2022-12-27 00:00:00t1v1350.00yEN